| 000 | 00582nam a22001817a 4500 | ||
|---|---|---|---|
| 003 | NUST | ||
| 005 | 20260415143450.0 | ||
| 008 | 260415b ||||| |||| 00| 0 eng d | ||
| 020 | _a978-8126524549 | ||
| 082 |
_a526 _bART |
||
| 100 |
_aArthur H. Robinson, Joel L. Morrison, Phillip C. Muehrcke, A. Jon Kimerling. _9134145 |
||
| 245 |
_aElements of Cartography / _cArthur H. Robinson, Joel L. Morrison, Phillip C. Muehrcke, A. Jon Kimerling. |
||
| 250 | _a6th Edition | ||
| 260 |
_aIndia: _bWiley, _c2004. |
||
| 300 |
_a674 p ; _c29.2 cm |
||
| 563 | _aPaperback | ||
| 942 |
_2ddc _cBK |
||
| 999 |
_c617087 _d617087 |
||